• 首页
  • 本馆介绍
  • 公告通知
  • 最新文献
  • 馆藏检索
  • 电子资源
  • 读者导购
  • 参考咨询
  • 我的图书馆
  • 登录
  • 详细信息显示
  • 放入我的书架
  • 预约/预借图书
  • 作者相关作品
  • 分类相关作品
  • 丛书相关作品
  • 出版社相关作品

书目信息

  • 表格格式
  • 工作单格式
  • 卡片格式
书名: Applied animal reproduction
作者: H. Joe Bearden, John W. Fuquay.
分册号:
分册名:
出版地: Upper Saddle River, N.J. :
 
出版社: Prentice Hall
出版时间: c1997.
页数: xiv, 351 p. :
开本: 25 cm.
丛书名:
中图分类号:
科图分类号:
其他分类号: S814
主题词:
电子资源:
000 01112pam a2200325 a 450
001 E0738960585
005 20070401105836.54
008 960506s1997 njua b 001 0 eng
010    @a96023351
020    @a0135080290 :@cUSD42.00.
035    @A(DLC) 96023351
040    @aDLC@cDLC@dDLC
050 00 @aSF871@b.B4 1997
082 00 @a636.08/2@2 20
090    @aS814
099    @dS814@ex3=4
100 1  @aBearden, H. Joe@q(Henry Joe),@d1926-
245 10 @aApplied animal reproduction / @cH. Joe Bearden, John W. Fuquay.
250    @a4th ed.
260    @aUpper Saddle River, N.J. :@bPrentice Hall,@cc1997.
300    @axiv, 351 p. :@bill. ;@c25 cm.
504    @aIncludes bibliographical references and index.
650  0 @aLivestock@xBreeding.
650  0 @aVeterinary obstetrics.
650  0 @aLivestock@xReproduction.
650  0 @aArtificial insemination.
700 1  @aFuquay, John W.
906    @a7@bcbc@corignew@d1@eocip@f19@gy-gencatlg
955    @apc16 to ja00 05-03-96; jb10 05-06-96; jb05 to DDC 05-09-96; CIP ver. pv08 11-21-96
991    @bc-GenColl@hSF871@i.B4 1997@tCopy 1@wBOOKS
    
    Applied animal reproduction / / H. Joe Bearden, John W. Fuquay.-4th ed.-Upper Saddle River, N.J. : : Prentice Hall, , c1997.
    xiv, 351 p. : : ill. ; ; 25 cm.
    Includes bibliographical references and index.
    
    ISBN 0135080290 :USD42.00.
    
●
相关链接 在E读中查询图书 在五车中查询图书 在当当中查询图书 在豆瓣中查询图书


正题名:Applied animal reproduction     索取号:S814/x3=4         预约/预借

序号 登录号 条形码 馆藏地/架位号 状态 备注
1 0003842   300038420   第二样本阅览室/ [索取号:S814/x3=4] 在馆    
2 0003843   300038439   第四借阅区/ [索取号:S814/x3=4] 在馆    
唐山师范学院图书馆 欢迎您!
大连网信软件有限公司© 版权所有